Statistics for Girl Scout Cookies by Picture

Click here to take the quiz!

General Stats

  • This quiz has been taken 20 times
    (3 since last reset)
  • The average score is 6 of 12

Answer Stats

Answer% Correct
Samoas
100%
Tagalongs
100%
Thin Mints
100%
Do-si-dos
50%
Girl Scout S'mores
50%
Lemonades
50%
Lemon-Ups
50%
Toffee-tastic
50%
Adventurefuls
0%
Caramel Chocolate Chip
0%
Toast-Yay!
0%
Trefoils
0%

Score Distribution

Percentile by Number Answered

Percent of People with Each Score

Your Score History

You have not taken this quiz since the last reset